| 000 | 00833cam a2200277 a 4500 | ||
|---|---|---|---|
| 001 | 000019641 | ||
| 005 | 20200929170103.0 | ||
| 008 | 750616s1969 sp 001 e spa d | ||
| 035 | _a(OCoLC)1392729 | ||
| 040 |
_aDO-SdBNP _cFM _dDLC |
||
| 082 |
_a861.6 _bA454h, 1969 |
||
| 100 | 1 |
_aAlonso, Dámaso, _d1898-1990 _98769 |
|
| 245 | 1 | 0 |
_aHijos de la ira : _bdiario íntimo / _cDámaso Alonso. |
| 250 | _a3a ed. | ||
| 260 |
_aMadrid : _bEspasa-Calpe, _c1969. |
||
| 300 |
_a159 p. ; _c19 cm. |
||
| 490 | 1 |
_aAustral. Violeta: teatro y poesía _v595 |
|
| 500 | _aPoems. | ||
| 500 | _aIncluye índice de autores | ||
| 650 | 4 |
_aPoesía española _9631 |
|
| 650 | 4 |
_aLiteratura española _9632 |
|
| 830 | 0 |
_aAustral. _pVioleta: teatro y poesía; _v595 _939559 |
|
| 910 | _aCatalogación derivada / LC | ||
| 910 | _aWM | ||
| 049 | _aBNGR | ||
| 999 |
_c19157 _d19157 |
||